000 00789nam a2200205 a 4500
003 0
005 20250315105647.0
008 071127s19uu xx 00 eng d
050 _aPGS BJ 1188.R45
_b.L693 2007
100 _aLi, Yi Shuan.
245 _aReligious view of Catholic and Christian SISC students on euthanasia /
_cYi Shuan Li.
260 _aLas PiƱas City, Philippines :
_bSouthville International School and Colleges,
_c2007.
300 _a41 pages :
_billustrations ;
_c28 cm.
504 _aIncludes bibliographical references.
650 _aEuthanasia
_vReligious aspects
_vCatholic Church.
650 _aEuthanasia
_vReligious aspects
_vChristianity.
650 _aMoral and ethical aspects of euthanasia.
650 _aChristian ethics
_vEuthanasia.
942 _2lcc
_cPASS
999 _c97744
_d97744